[Event "Titled Tue 1st Jul Late"]
[Site "chess.com INT"]
[Date "2025.07.01"]
[Round "1"]
[White "Petersen, Marcel"]
[Black "Al Busaidi, Hamood"]
[Result "1-0"]
[WhiteTitle "CM"]
[BlackTitle "CM"]
[WhiteElo "2236"]
[BlackElo "2028"]
[WhiteFideId "12935670"]
[BlackFideId "22006230"]
[EventDate "2025.07.01"]

1. e4 c5 2. Nf3 e6 3. g3 d5 4. exd5 exd5 5. d4 Nc6 6. Bg2 Nf6 7. O-O h6 8. Re1+
Be6 9. Be3 Qb6 10. b3 Ng4 11. Nc3 Nxe3 12. fxe3 Be7 13. Na4 Qb5 14. Nxc5 Bxc5
15. dxc5 Qxc5 16. Nd4 O-O 17. Rc1 Rad8 18. c3 a6 19. Kh1 Ne5 20. Nxe6 fxe6 21.
Qd2 Ng4 22. Re2 Rf7 23. h3 Nf6 24. e4 Nh5 25. Kh2 Qc7 26. e5 g5 27. Qd4 Rdf8 28.
c4 dxc4 29. Rxc4 Qa5 30. Qe4 Ng7 31. Qg6 Rf5 32. Rcc2 b5 33. Be4 Qb4 34. Bxf5
Rxf5 35. Rc8+ Rf8 36. Rxf8+ Qxf8 37. Qf6 Qa8 38. Rd2 Kh7 39. Rd7 1-0

[Event "Titled Tue 1st Jul Late"]
[Site "chess.com INT"]
[Date "2025.07.01"]
[Round "1"]
[White "Rosenberg, Evan S"]
[Black "Karamsetty, Jeevan"]
[Result "0-1"]
[BlackTitle "FM"]
[WhiteElo "1989"]
[BlackElo "2244"]
[WhiteFideId "2019299"]
[BlackFideId "2025337"]
[EventDate "2025.07.01"]

1. d4 d6 2. Nf3 g6 3. e3 Bg7 4. Be2 Nf6 5. O-O O-O 6. c4 c6 7. Nc3 a5 8. b3 Na6
9. Bb2 Nc7 10. a3 Re8 11. b4 d5 12. b5 dxc4 13. Bxc4 cxb5 14. Nxb5 Nxb5 15. Bxb5
Bd7 16. Bc4 b5 17. Ba2 e6 18. Ne5 Nd5 19. Qf3 Bxe5 20. dxe5 Bc6 21. Qh3 Qg5 22.
f4 Qf5 23. Qxf5 gxf5 24. Kf2 Rec8 25. Rfc1 b4 26. Bxd5 Bxd5 27. axb4 axb4 28.
Rxc8+ Rxc8 29. Rc1 Ra8 30. Ra1 Rb8 31. g3 b3 32. Ke2 Rd8 33. Bd4 Rc8 34. Rd1 Be4
35. Rd2 Rc1 36. Bb2 Rh1 37. Rd8+ Kg7 38. Kd2 Rxh2+ 39. Kc3 Bd5 40. Ba3 Rc2+ 41.
Kd4 Rc4+ 42. Kd3 Ra4 43. Be7 b2 44. Bf6+ Kh6 45. Rg8 b1=Q+ 0-1

[Event "Titled Tue 1st Jul Late"]
[Site "chess.com INT"]
[Date "2025.07.01"]
[Round "1"]
[White "Lissang, Christopher"]
[Black "Brozynski, Patryk"]
[Result "1-0"]
[WhiteTitle "FM"]
[BlackTitle "CM"]
[WhiteElo "2317"]
[BlackElo "2192"]
[WhiteFideId "1709615"]
[BlackFideId "2512700"]
[EventDate "2025.07.01"]

1. d4 d5 2. Nf3 Nf6 3. Bg5 e6 4. e3 Be7 5. Nbd2 O-O 6. Bd3 c5 7. c3 Nc6 8. O-O
a6 9. Ne5 Nxe5 10. dxe5 Nd7 11. Bxe7 Qxe7 12. f4 f5 13. a4 b6 14. Qh5 g6 15. Qh6
Bb7 16. Nf3 Qg7 17. Qh4 Rae8 18. Rad1 Nb8 19. c4 Nc6 20. Ng5 d4 21. e4 h6 22.
Nf3 fxe4 23. Bxe4 Ne7 24. Bxb7 Nf5 25. Qf2 Qxb7 26. Rd3 Qe4 27. Rb3 Ne3 28. Re1
Qxf4 29. Rxb6 g5 30. h3 Nxc4 31. Rxa6 h5 32. Qe2 Ne3 33. Nd2 g4 34. Nf1 gxh3 35.
Nxe3 dxe3 36. Qxe3 Qxe3+ 37. Rxe3 hxg2 38. Rg3+ Kh7 39. Ra7+ Kh6 40. Rag7 Rf6
41. Kxg2 1-0

[Event "Titled Tue 1st Jul Late"]
[Site "chess.com INT"]
[Date "2025.07.01"]
[Round "1"]
[White "Bernat, David"]
[Black "Faryma, Matviy"]
[Result "1-0"]
[WhiteElo "1917"]
[BlackElo "2230"]
[WhiteFideId "2099225"]
[BlackFideId "1961578"]
[EventDate "2025.07.01"]

1. c4 e5 2. g3 h5 3. Nf3 Nc6 4. h3 d6 5. Nc3 g6 6. Bg2 Bg7 7. d3 Be6 8. O-O Nge7
9. Ng5 Qd7 10. Kh2 Nf5 11. Nd5 O-O 12. Nxe6 fxe6 13. Nc3 Rf7 14. Ne4 Bf6 15.
Nxf6+ Rxf6 16. Bg5 Rf7 17. b4 Nxb4 18. Bxb7 Raf8 19. a3 Nc6 20. Qa4 Ncd4 21.
Qxd7 Rxd7 22. Ra2 c6 23. Ba6 Rb8 24. g4 hxg4 25. hxg4 Ng7 26. f4 Rb6 27. Bc8 Rc7
28. Bd8 Rxc8 29. Bxb6 axb6 30. e3 Nb3 31. fxe5 dxe5 32. Rb2 Nc5 33. d4 exd4 34.
exd4 Na4 35. Rb4 Ra8 36. Rf6 Ra5 37. c5 b5 38. Rb3 Ra7 39. Rbf3 Rd7 40. Rf8+ Kh7
41. Rh3+ Nh5 42. gxh5 Kg7 43. Rf1 g5 44. h6+ Kh7 45. Rf6 Re7 46. Rg3 Nc3 47.
Rxc3 1-0

[Event "Titled Tue 1st Jul Late"]
[Site "chess.com INT"]
[Date "2025.07.01"]
[Round "1"]
[White "Klimkowski, Jan"]
[Black "Ahmad, Al Khatib"]
[Result "1-0"]
[WhiteTitle "GM"]
[BlackTitle "GM"]
[WhiteElo "2508"]
[BlackElo "2172"]
[WhiteFideId "21856222"]
[BlackFideId "8103178"]
[EventDate "2025.07.01"]

1. c4 Nf6 2. Nf3 c5 3. g3 e6 4. Bg2 Nc6 5. O-O d5 6. cxd5 exd5 7. d4 cxd4 8.
Nxd4 Bc5 9. Nb3 Bb6 10. Nc3 d4 11. Na4 O-O 12. Bg5 Re8 13. Nxb6 axb6 14. e3 d3
15. Bxf6 Qxf6 16. Qxd3 Qxb2 17. Nd4 Nxd4 18. exd4 Rxa2 19. Rxa2 Qxa2 20. Qb5 Qe6
21. d5 Bd7 22. Qb4 Qf6 23. Rb1 h5 24. h4 Bf5 25. Rc1 Rd8 26. Rc7 Qd6 27. Qc3 Rd7
28. Rc8+ Rd8 29. Rc7 Rd7 30. Rc4 b5 31. Rc5 b4 32. Qxb4 b6 33. Rc4 Qxb4 34. Rxb4
Rd6 35. f4 Bd3 36. Kf2 Kf8 37. Ke3 Bf5 38. Kd4 Ke7 39. Ke5 f6+ 40. Kxf5 Kf7 41.
Rc4 Rd7 42. Rc6 Re7 43. Re6 Rb7 44. Ke4 b5 45. Kd3 b4 46. Kc2 Rc7+ 47. Kd2 Rc3
48. Re3 Rc5 49. d6 Rd5+ 50. Bxd5+ 1-0

[Event "Titled Tue 1st Jul Late"]
[Site "chess.com INT"]
[Date "2025.07.01"]
[Round "1"]
[White "Tasic, Vladimir"]
[Black "Manukyan, Sargis A."]
[Result "0-1"]
[BlackTitle "FM"]
[WhiteElo "2208"]
[BlackElo "2294"]
[WhiteFideId "919667"]
[BlackFideId "13303970"]
[EventDate "2025.07.01"]

1. e4 c5 2. Nf3 d6 3. b4 cxb4 4. d4 Nf6 5. Bd3 e6 6. O-O Be7 7. a3 bxa3 8. Nxa3
O-O 9. Re1 b6 10. c4 Bb7 11. Bb2 Nc6 12. Qd2 a6 13. h4 h6 14. g3 d5 15. exd5
exd5 16. Ne5 dxc4 17. Naxc4 b5 18. Ne3 Nxe5 19. dxe5 Ne4 20. Qe2 Nc5 21. Bc2 Qc7
22. Qg4 Qc6 23. Kh2 Ne6 24. Rac1 Qf3 25. Qxf3 Bxf3 26. Nf5 Bc5 27. Kg1 Rfd8 28.
Be4 Bxe4 29. Rxe4 Bxf2+ 30. Kxf2 Rd2+ 31. Re2 Rad8 32. Rc2 Rd1 33. Nd6 h5 34.
Nb7 R8d3 35. Nc5 Rd5 36. Nxe6 fxe6 37. Bc3 Rc5 38. Ba5 Rxc2 39. Rxc2 Ra1 40. Bc3
Ra4 41. Rb2 Rc4 42. Ba5 Kh7 43. Kf3 Kg6 44. Rb3 Kf5 45. Rc3 Ra4 46. Bc7 b4 47.
Re3 a5 48. Bd6 Ra2 49. Rd3 Rc2 50. Ke3 Rc4 51. Rd4 Rxd4 52. Kxd4 Kg4 53. Kc4
Kxg3 54. Be7 Kf4 55. Bf8 g5 56. Bh6 Kxe5 57. Bxg5 Kf5 58. Kb3 e5 59. Ka4 e4 60.
Bc1 Kg4 61. Kxa5 b3 62. Kb4 Kxh4 63. Kxb3 Kg3 64. Kc4 h4 65. Kd4 Kf3 66. Be3 h3
67. Bg1 Kg2 68. Be3 h2 0-1

[Event "Titled Tue 1st Jul Late"]
[Site "chess.com INT"]
[Date "2025.07.01"]
[Round "1"]
[White "Gimeno Martos, Roberto"]
[Black "Graif, William"]
[Result "0-1"]
[WhiteTitle "CM"]
[BlackTitle "FM"]
[WhiteElo "2090"]
[BlackElo "2211"]
[WhiteFideId "2226804"]
[BlackFideId "2609835"]
[EventDate "2025.07.01"]

1. d4 Nf6 2. Nf3 e6 3. e3 b6 4. Bd3 Bb7 5. O-O d5 6. c3 Nbd7 7. Nbd2 Ne4 8. Ne5
Nxe5 9. dxe5 Nc5 10. Bc2 Qh4 11. Nf3 Qh5 12. Qe2 f6 13. exf6 gxf6 14. Nd4 Qxe2
15. Nxe2 Ba6 16. Re1 Nd3 17. Bxd3 Bxd3 18. Nf4 Bf5 19. h3 Kf7 20. g4 Be4 21. Nh5
Bd6 22. b3 Rhg8 23. f4 h6 24. Kf2 f5 25. Rg1 Rg6 26. Bd2 Rag8 27. gxf5 Bxf5 28.
Rxg6 Rxg6 29. h4 Be7 30. Rh1 Rg4 31. Rc1 Rxh4 32. Ng3 Rh2+ 33. Kf3 Rxd2 34. Nxf5
exf5 35. c4 Bc5 36. cxd5 Rxd5 37. b4 Bd6 38. b5 Rxb5 39. Rh1 Kg7 40. Rg1+ Kh7
41. Rd1 Ra5 42. Rd2 Ra3 43. Ke2 b5 44. Rb2 b4 45. Rc2 a5 46. Kf2 a4 47. Ke2 b3
48. axb3 axb3 49. Rd2 Ra2 50. Kd3 Rxd2+ 51. Kxd2 h5 52. Kc3 h4 53. Kxb3 h3 0-1

[Event "Titled Tue 1st Jul Late"]
[Site "chess.com INT"]
[Date "2025.07.01"]
[Round "1"]
[White "Rustemov, Alexander"]
[Black "Ernst, Luca"]
[Result "1-0"]
[WhiteTitle "GM"]
[BlackTitle "FM"]
[WhiteElo "2525"]
[BlackElo "2215"]
[WhiteFideId "4119002"]
[BlackFideId "45117055"]
[EventDate "2025.07.01"]

1. d4 d5 2. c4 c6 3. Nc3 Nf6 4. e3 e6 5. Nf3 Nbd7 6. Qc2 Bd6 7. b3 O-O 8. Be2 b6
9. O-O Bb7 10. Bb2 c5 11. dxc5 Nxc5 12. Nb5 Be7 13. cxd5 Bxd5 14. Rfd1 Qc8 15.
Nc3 Nce4 16. Rac1 Nxc3 17. Qxc3 Qb7 18. Qc7 Qxc7 19. Rxc7 Bd6 20. Rcc1 Rac8 21.
Ne5 Be7 22. Ba6 Rxc1 23. Rxc1 Ne4 24. Rc7 Bf6 25. Rxa7 Nc5 26. f3 h5 27. e4 Ba8
28. Nc4 Bg5 29. Nxb6 Be3+ 30. Kf1 Bxe4 31. fxe4 Nxe4 32. Rb7 Nc5 33. Nd7 Nxb7
34. Nxf8 Nc5 35. Nxe6 Nxa6 36. Nxg7 h4 37. Nf5 Bf4 38. h3 Bg5 39. Ke2 Kf8 40.
Bd4 Nb4 41. a3 Nc2 42. a4 Ke8 43. Bc3 1-0

[Event "Titled Tue 1st Jul Late"]
[Site "chess.com INT"]
[Date "2025.07.01"]
[Round "1"]
[White "Zakin, Ilay"]
[Black "Shandrygin, Nikita"]
[Result "1-0"]
[WhiteTitle "FM"]
[BlackTitle "FM"]
[WhiteElo "2300"]
[BlackElo "2209"]
[WhiteFideId "2848279"]
[BlackFideId "24198668"]
[EventDate "2025.07.01"]

1. e4 c5 2. Nf3 e6 3. c4 Nc6 4. d4 cxd4 5. Nxd4 Nf6 6. Nc3 Bb4 7. Nxc6 bxc6 8.
Bd3 e5 9. O-O O-O 10. Bg5 h6 11. Bh4 Bxc3 12. bxc3 g5 13. Bg3 Qe7 14. Rb1 c5 15.
Qd2 d6 16. h4 Nh5 17. Bh2 Kh8 18. hxg5 hxg5 19. Qe2 Nf4 20. Bxf4 gxf4 21. g3 Kg7
22. Kg2 Be6 23. Rh1 Rh8 24. Qf3 Qg5 25. Be2 Rag8 26. Rxh8 Rxh8 27. Rh1 Rxh1 28.
Kxh1 fxg3 29. Qxg3 Kf6 30. Kg2 Bd7 31. Bd1 Be6 32. Be2 Qh6 33. a3 Ke7 34. Bg4
Bxc4 35. Bf5 Kf6 36. Kf3 Qh5+ 37. Bg4 Qg5 38. Qh3 Qf4+ 39. Kg2 Qxe4+ 40. Bf3
Qg6+ 41. Kh2 Qf5 42. Qh8+ Ke7 43. Qh4+ Kd7 44. Bg4 Be6 45. Bxf5 Bxf5 46. Qf6 Be6
47. f4 exf4 48. Qxf4 Kc6 49. Kg3 a6 50. Kf2 d5 51. Ke3 Kb5 52. Qd6 Kc4 53. Qxa6+
Kxc3 54. Qd3+ Kb2 55. a4 d4+ 56. Kd2 Bb3 57. a5 1-0

[Event "Titled Tue 1st Jul Late"]
[Site "chess.com INT"]
[Date "2025.07.01"]
[Round "1"]
[White "Sabuk, Piotr"]
[Black "Sinkar, Anagha Aniket"]
[Result "1-0"]
[WhiteTitle "IM"]
[BlackTitle "WCM"]
[WhiteElo "2321"]
[BlackElo "1776"]
[WhiteFideId "1137565"]
[BlackFideId "30974780"]
[EventDate "2025.07.01"]

1. e4 c5 2. Nc3 Nc6 3. g3 g6 4. Bg2 Bg7 5. d3 e6 6. Be3 d6 7. Nge2 Nge7 8. d4
cxd4 9. Nxd4 O-O 10. O-O Nxd4 11. Bxd4 Nc6 12. Bxg7 Kxg7 13. Qd2 Qb6 14. b3 Qd4
15. Rad1 Qxd2 16. Rxd2 Rd8 17. Rfd1 e5 18. Nb5 Bg4 19. f3 Be6 20. Nxd6 Nd4 21.
Nxb7 Rdc8 22. c4 Rab8 23. Nd6 Rc6 24. Rxd4 exd4 25. Rxd4 a6 26. f4 Rc5 27. e5
Ra5 28. Rd2 Ra3 29. Ne4 Bf5 30. Nc5 Bb1 31. Rd7 Bxa2 32. e6 Bxb3 33. Rxf7+ Kg8
34. Bd5 Ra1+ 35. Kf2 Ra2+ 36. Ke3 Bd1 37. e7 Re2+ 38. Kd3 Rbb2 39. Rf8+ Kg7 40.
e8=Q Red2+ 41. Kc3 Rdc2+ 42. Kd4 Rd2+ 43. Ke5 Rb6 44. Rg8+ Kh6 45. Qf8+ Kh5 46.
Ne4 1-0

[Event "Titled Tue 1st Jul Late"]
[Site "chess.com INT"]
[Date "2025.07.01"]
[Round "1"]
[White "Ozkan, Taha"]
[Black "Kurpiewski, Slawomir"]
[Result "1-0"]
[WhiteTitle "FM"]
[BlackTitle "CM"]
[WhiteElo "2247"]
[BlackElo "1973"]
[WhiteFideId "34577173"]
[BlackFideId "1114530"]
[EventDate "2025.07.01"]

1. d4 f5 2. e4 fxe4 3. Nc3 Nf6 4. Bg5 c6 5. f3 d5 6. fxe4 dxe4 7. Qd2 Bf5 8.
O-O-O e6 9. h3 Qa5 10. Bc4 Nd5 11. Nge2 Bb4 12. g4 Bg6 13. Rhf1 Nd7 14. a3 Nxc3
15. Nxc3 Bxc3 16. Qxc3 Qxc3 17. bxc3 b5 18. Bxe6 Nb6 19. h4 h6 20. Bf4 Ke7 21.
Bb3 Rhf8 22. Be5 Nd5 23. Bxg7 Rxf1 24. Rxf1 h5 25. g5 Nxc3 26. Rf6 Be8 27. Kd2
Nd5 28. Bf8+ Kd7 29. Bxd5 cxd5 30. Bc5 Kc7 31. g6 Bd7 32. g7 Rg8 33. Bf8 Bc6 34.
Ke3 a5 35. c3 Be8 36. Ra6 a4 37. Kf4 Bc6 38. Ra7+ Bb7 39. Ke3 Kb6 40. Bc5+ Kc7
41. Ra5 Rxg7 42. Rxb5 Bc6 43. Ra5 Rg3+ 44. Kd2 Rd3+ 45. Kc2 Rh3 46. Ra7+ Bb7 47.
Rxa4 Rxh4 48. Rb4 Rh2+ 49. Kc1 Bc6 50. a4 1-0

[Event "Titled Tue 1st Jul Late"]
[Site "chess.com INT"]
[Date "2025.07.01"]
[Round "1"]
[White "Luong Phuong Hanh"]
[Black "Muradli, Mahammad"]
[Result "1/2-1/2"]
[WhiteTitle "WIM"]
[BlackTitle "GM"]
[WhiteElo "2121"]
[BlackElo "2609"]
[WhiteFideId "12401013"]
[BlackFideId "13409301"]
[EventDate "2025.07.01"]

1. d4 Nf6 2. Nf3 g6 3. g3 Bg7 4. Bg2 b6 5. O-O Bb7 6. c4 O-O 7. Nc3 Ne4 8. e3
Nxc3 9. bxc3 c5 10. d5 Bxc3 11. Rb1 Bg7 12. e4 d6 13. Be3 Nd7 14. Qd2 Qc7 15.
Rfc1 Rfb8 16. h4 a6 17. h5 Bc8 18. hxg6 hxg6 19. Ng5 b5 20. cxb5 axb5 21. Qe2
Nf6 22. Rxb5 Rxb5 23. Qxb5 Rxa2 24. e5 dxe5 25. Rxc5 Ra1+ 26. Bf1 Qd8 27. Bc1
Bd7 28. Qb2 Qa8 29. Qxe5 Nh7 30. Qxe7 Nxg5 31. Qxg5 Bd4 32. Rc2 Bf5 33. Rc7 Ra7
34. Rxa7 Qxa7 35. Be3 Bxe3 36. Qxe3 Qxe3 37. fxe3 Kf8 38. Bg2 Ke7 39. e4 Bg4 40.
e5 f6 41. d6+ Ke6 42. exf6 Kxd6 43. Bd5 g5 44. Kf2 Bh5 45. Bb3 Bg6 46. Ke3 Bh5
47. Kd4 Bg6 48. f7 Ke7 49. Ke5 Bxf7 50. Bxf7 Kxf7 51. Kf5 g4 52. Kxg4 Kg6 53.
Kf4 Kf6 54. Kg4 Kg6 55. Kf4 Kf6 56. Kg4 Kg6 1/2-1/2

[Event "Titled Tue 1st Jul Late"]
[Site "chess.com INT"]
[Date "2025.07.01"]
[Round "1"]
[White "Baches Garcia, Guillermo"]
[Black "Kollars, Dmitrij"]
[Result "1/2-1/2"]
[WhiteTitle "IM"]
[BlackTitle "GM"]
[WhiteElo "2305"]
[BlackElo "2633"]
[WhiteFideId "2209764"]
[BlackFideId "12909572"]
[EventDate "2025.07.01"]

1. d4 Nf6 2. Nf3 d5 3. c4 e6 4. g3 Be7 5. Bg2 O-O 6. O-O dxc4 7. Qc2 b5 8. a4 b4
9. Nbd2 Bb7 10. Nxc4 c5 11. dxc5 Be4 12. Qd2 Na6 13. Qxd8 Rfxd8 14. Be3 Nxc5 15.
Nfd2 Bxg2 16. Kxg2 Nd5 17. Bxc5 Bxc5 18. Rac1 Rac8 19. Nb3 Kf8 20. Ne5 Bd6 21.
Nc4 Be7 22. Rfd1 Rc7 23. e4 Nf6 24. Rxd8+ Bxd8 25. f3 Nd7 26. Kf2 Bf6 27. Ke2
Ke7 28. f4 g5 29. e5 Bg7 30. Nd6 Rxc1 31. Nxc1 gxf4 32. gxf4 f6 33. Nc8+ Kd8 34.
Nxa7 fxe5 35. Nc6+ Kc7 36. Nxe5 Nxe5 37. fxe5 Bxe5 38. Nd3 Bd6 39. Kf3 Kc6 40.
Ke4 Bxh2 41. Nxb4+ Kc5 42. Nd3+ Kc4 43. Nf2 h5 44. a5 Kb5 45. b4 Bd6 46. Nh3 h4
47. Ng5 e5 48. Nf3 h3 49. Nh2 Bxb4 50. Kxe5 Bxa5 51. Kf5 Bc7 52. Kg4 Bxh2 53.
Kxh3 1/2-1/2

[Event "Titled Tue 1st Jul Late"]
[Site "chess.com INT"]
[Date "2025.07.01"]
[Round "1"]
[White "Aakash, G"]
[Black "Hofstadler, Mario"]
[Result "0-1"]
[WhiteTitle "FM"]
[BlackTitle "CM"]
[WhiteElo "2123"]
[BlackElo "2172"]
[WhiteFideId "25644394"]
[BlackFideId "1660497"]
[EventDate "2025.07.01"]

1. d4 d5 2. Bg5 Bf5 3. Nd2 h6 4. Bh4 Nd7 5. e3 Ngf6 6. Ngf3 e6 7. Bd3 Bxd3 8.
cxd3 Be7 9. O-O c6 10. e4 O-O 11. e5 Nh7 12. Bg3 f5 13. exf6 Bxf6 14. Re1 Re8
15. Qc2 Nhf8 16. Ne5 Nxe5 17. dxe5 Be7 18. d4 Rc8 19. Nb3 Nd7 20. Rac1 c5 21.
dxc5 Nxc5 22. Qg6 Qd7 23. Nd4 Bf8 24. Bf4 Qf7 25. Qg4 Nd3 26. Ne2 Rxc1 27. Rxc1
Nxc1 28. Nxc1 Rc8 29. g3 Qf5 30. Qe2 Qb1 31. Qd1 Qxb2 32. Nd3 Qc2 33. Qg4 Kf7
34. Qh5+ g6 35. Qf3 Kg7 36. Ne1 Qe4 37. Qd1 g5 38. Be3 Bc5 39. Nc2 Bxe3 40. Nxe3
Qxe5 41. Qb3 b6 42. Qa4 Rc1+ 43. Nf1 Qe2 44. Qd7+ Kf6 45. Qd8+ Kf7 46. Qd7+ Kf6
47. Qd8+ Ke5 48. Qh8+ Kd6 49. Qd8+ Ke5 50. Qh8+ Ke4 51. Qh7+ Kd4 52. Qg7+ e5 0-1

[Event "Titled Tue 1st Jul Late"]
[Site "chess.com INT"]
[Date "2025.07.01"]
[Round "1"]
[White "Ruiz Vazquez, Javier"]
[Black "Shendrik, Zhanna"]
[Result "1-0"]
[WhiteTitle "CM"]
[BlackTitle "WCM"]
[WhiteElo "2157"]
[BlackElo "1990"]
[WhiteFideId "54727308"]
[BlackFideId "24106160"]
[EventDate "2025.07.01"]

1. e4 c5 2. Nf3 e6 3. Nc3 a6 4. a4 Qc7 5. g3 b6 6. Bg2 Bb7 7. O-O d6 8. Re1 Nf6
9. d4 cxd4 10. Nxd4 Be7 11. Qd3 Nbd7 12. Bd2 Ne5 13. Qe2 Nc4 14. Bc1 O-O 15. b3
Ne5 16. Bb2 Rac8 17. h3 Nc6 18. Rad1 Nxd4 19. Rxd4 Rfd8 20. Red1 h6 21. Kh2 Nd7
22. f4 Bf6 23. Rxd6 Bxc3 24. Bxc3 Qxc3 25. Rxd7 Rxd7 26. Rxd7 Bc6 27. Rd3 Qc5
28. Qd2 Qe7 29. c4 Qc7 30. e5 Bxg2 31. Kxg2 Qc6+ 32. Kh2 Qe4 33. Qe3 Qc6 34. Qd4
b5 35. cxb5 axb5 36. Rd2 bxa4 37. bxa4 Qc1 38. Qb2 Qc5 39. Qb5 Qe3 40. Re2 Qf3
41. Qb2 Rc3 42. Rg2 Ra3 43. Qb8+ Kh7 44. Qb1+ g6 45. Qc2 Qe3 46. Qc7 Kg7 47. h4
Rxa4 48. h5 gxh5 49. Qc2 Qf3 50. Qxa4 Qg4 51. Qe4 Qf5 52. Qxf5 1-0

[Event "Titled Tue 1st Jul Late"]
[Site "chess.com INT"]
[Date "2025.07.01"]
[Round "1"]
[White "Madaminov, Mukhiddin"]
[Black "Nifdaliyev, Jahangir"]
[Result "1-0"]
[WhiteTitle "GM"]
[BlackTitle "FM"]
[WhiteElo "2536"]
[BlackElo "2312"]
[WhiteFideId "14210703"]
[BlackFideId "13407740"]
[EventDate "2025.07.01"]

1. e4 c5 2. Nf3 d6 3. Nc3 Nf6 4. e5 dxe5 5. Nxe5 e6 6. g3 Bd6 7. Nc4 Be7 8. Bg2
O-O 9. O-O Nc6 10. Bxc6 bxc6 11. d3 Nd5 12. Na4 Qc7 13. Qe2 Bf6 14. Nxc5 e5 15.
Re1 Bh3 16. Ne4 Be7 17. Qh5 f5 18. Qxh3 fxe4 19. Rxe4 Bc5 20. Be3 Nxe3 21. Nxe3
Qf7 22. Qg2 h5 23. h4 Qf6 24. Rf1 Rae8 25. Nc4 Qg6 26. c3 Rf5 27. b4 Bb6 28.
Nxb6 axb6 29. Rc4 Ref8 30. Rxc6 Qg4 31. Qe4 Qh3 32. Rg6 Kh7 33. Rg5 Kh8 34. Rxf5
Rxf5 35. a4 g5 36. hxg5 Rxg5 37. Qh1 Qg4 38. Re1 h4 39. Re4 Qd1+ 40. Kg2 Qxh1+
41. Kxh1 hxg3 42. fxg3 Rxg3 43. Rxe5 Rxd3 44. Rb5 Rxc3 45. Rxb6 Kg7 46. a5 Kf7
47. a6 Ra3 48. b5 Ke7 49. Rb7+ Kd8 50. a7 Kc8 51. Rb8+ 1-0

[Event "Titled Tue 1st Jul Late"]
[Site "chess.com INT"]
[Date "2025.07.01"]
[Round "1"]
[White "Haug, Havard"]
[Black "Fadi, Marko"]
[Result "1-0"]
[WhiteTitle "FM"]
[BlackTitle "FM"]
[WhiteElo "2354"]
[BlackElo "2298"]
[WhiteFideId "1547887"]
[BlackFideId "10605371"]
[EventDate "2025.07.01"]

1. e4 c5 2. Nf3 Nc6 3. c3 Nf6 4. e5 Nd5 5. d4 cxd4 6. cxd4 d6 7. Bc4 Nb6 8.
Bxf7+ Kxf7 9. e6+ Kg8 10. d5 Ne5 11. Nc3 g6 12. Nxe5 dxe5 13. Qf3 Qe8 14. h4 Bg7
15. h5 Qf8 16. Qxf8+ Kxf8 17. h6 Bf6 18. Be3 Nc4 19. Ne4 Nd6 20. Nxd6 exd6 21.
Rc1 Bd8 22. Rh3 Ke8 23. Bd2 b6 24. b4 Bb7 25. Rd3 Rf8 26. f3 Rc8 27. Rxc8 Bxc8
28. Ra3 a6 29. Ke2 Bb7 30. Rd3 Rf5 31. g4 Rf8 32. Be3 g5 33. a4 Rg8 34. b5 a5
35. Kf2 Rg6 36. Kg2 Rxh6 37. Rc3 Bxd5 38. Rc8 Rg6 39. Bxb6 Bxe6 40. Rxd8+ Ke7
41. Rh8 d5 42. Bxa5 d4 43. Bb4+ Kd7 44. Rxh7+ Kc8 45. a5 Bc4 46. b6 Ba6 47. Rc7+
Kb8 48. Re7 Bb7 49. Rxe5 Rf6 50. Re8+ Bc8 51. Bc5 d3 52. a6 d2 53. a7+ Kb7 54.
Rxc8 1-0

[Event "Titled Tue 1st Jul Late"]
[Site "chess.com INT"]
[Date "2025.07.01"]
[Round "1"]
[White "Deng, Henry"]
[Black "Logvinov, Petro"]
[Result "1/2-1/2"]
[WhiteTitle "FM"]
[BlackTitle "FM"]
[WhiteElo "2327"]
[BlackElo "2190"]
[WhiteFideId "30965454"]
[BlackFideId "14176661"]
[EventDate "2025.07.01"]

1. Nf3 Nf6 2. b3 g6 3. Bb2 Bg7 4. g3 O-O 5. Bg2 c5 6. O-O Nc6 7. c4 d6 8. d4 Ne4
9. e3 Bg4 10. Nc3 Ng5 11. dxc5 Ne5 12. cxd6 Ngxf3+ 13. Kh1 Nxh2 14. dxe7 Qxe7
15. Nd5 Qd8 16. f3 Nxf1 17. Qxf1 Be6 18. Rd1 Qg5 19. Qf2 Rad8 20. Kg1 Bxd5 21.
cxd5 Qe7 22. e4 f5 23. exf5 Rxf5 24. Qe2 Nxf3+ 25. Bxf3 Qxe2 26. Bxe2 Bxb2 27.
Bg4 Rf6 28. Rd2 Be5 29. Kg2 Rfd6 30. Re2 Bf6 31. Be6+ Kg7 32. Rc2 Rxd5 33. Rc7+
Kh6 34. Bxd5 Rxd5 35. Rxb7 Rd2+ 36. Kf3 Rxa2 37. g4 Bd4 38. Rd7 Bb6 39. Rd3 Rf2+
40. Kg3 Kg5 41. Rd5+ Kf6 42. Rd6+ Ke7 43. Rc6 Rb2 44. Rc3 Kd6 45. Kf4 Kd5 46.
Rh3 h5 47. gxh5 gxh5 48. Rxh5+ Kd4 49. Rh3 Ba5 50. Kf5 Bc3 51. Rh7 Ra2 52. Rc7
Bb4 53. Rc4+ Kd3 54. Rxb4 Kc3 55. Rb7 Rb2 56. Ke6 Rxb3 57. Rxa7 Rb4 58. Rc7+ Rc4
59. Rd7 Rd4 60. Rc7+ Rc4 61. Rxc4+ Kxc4 1/2-1/2

[Event "Titled Tue 1st Jul Late"]
[Site "chess.com INT"]
[Date "2025.07.01"]
[Round "1"]
[White "Bucci, Andrea"]
[Black "Slovineanu, Viacheslav"]
[Result "0-1"]
[BlackTitle "IM"]
[WhiteElo "1526"]
[BlackElo "2412"]
[WhiteFideId "28546890"]
[BlackFideId "13900510"]
[EventDate "2025.07.01"]

1. e4 c6 2. d4 d5 3. exd5 cxd5 4. Bd3 Nc6 5. c3 Nf6 6. h3 g6 7. Nf3 Bf5 8. O-O
e6 9. Bg5 h6 10. Bf4 Bd6 11. Be3 a6 12. Qd2 Qc7 13. Qe2 Bxd3 14. Qxd3 Ne4 15.
Nbd2 f5 16. Qe2 g5 17. Ne1 O-O-O 18. Nc2 f4 19. Nxe4 dxe4 20. Bc1 f3 21. Qxe4
fxg2 22. Qxg2 e5 23. Be3 Rhg8 24. Qg4+ Kb8 25. Rad1 Qf7 26. d5 Ne7 27. Bb6 Nxd5
28. Bxd8 Rxd8 29. Qc4 Bc7 30. Ne3 b5 31. Qb3 Qf3 32. Rxd5 Qxh3 33. Rxd8+ Bxd8
34. Qd5 Bc7 35. Rd1 e4 36. Qg8+ Ka7 37. Ng2 Qh2+ 38. Kf1 Qh1+ 39. Ke2 Qxg2 40.
Qf7 Qg4+ 41. Ke1 Kb6 42. Rd7 Qg1+ 43. Ke2 Qg4+ 44. Ke3 Bf4+ 45. Kxe4 Qe2+ 46.
Kf5 Qc2+ 47. Kf6 Qe4 48. Rb7+ Qxb7 49. Qxb7+ Kxb7 50. Kg6 Kc6 51. Kxh6 Kc5 52.
Kh5 Kc4 53. Kg4 Kd3 54. f3 Kc2 55. a4 Kxb2 56. c4 bxc4 57. a5 c3 58. Kf5 c2 0-1

[Event "Titled Tue 1st Jul Late"]
[Site "chess.com INT"]
[Date "2025.07.01"]
[Round "1"]
[White "Kharitonov, Sergei"]
[Black "Eswaran, Ashritha"]
[Result "1-0"]
[WhiteTitle "CM"]
[BlackTitle "FM"]
[WhiteElo "2014"]
[BlackElo "2236"]
[WhiteFideId "4129750"]
[BlackFideId "2080788"]
[EventDate "2025.07.01"]

1. e4 c5 2. Nf3 Nc6 3. Bb5 e6 4. O-O Nge7 5. Re1 Ng6 6. c3 Be7 7. d4 cxd4 8.
Nxd4 O-O 9. Ba4 a6 10. Bc2 b5 11. a4 Nxd4 12. Qxd4 Bb7 13. Nd2 Bf6 14. e5 Be7
15. Be4 Bxe4 16. Nxe4 Qc7 17. f4 Rac8 18. axb5 axb5 19. Ra7 Qc6 20. Qxd7 Bc5+
21. Nxc5 Qxc5+ 22. Be3 Qc4 23. Qd4 Rfd8 24. Qxc4 Rxc4 25. g3 b4 26. Ra4 Rb8 27.
Bd2 h5 28. b3 bxc3 29. Rxc4 cxd2 30. Rd1 Rxb3 31. Rd4 h4 32. Kg2 hxg3 33. hxg3
Ne7 34. Rd8+ Kh7 35. R1xd2 Nf5 36. R2d3 Rb2+ 37. Kf3 Rb1 38. Rd1 Rb3+ 39. R8d3
Rb2 40. Rh1+ Kg6 41. g4 Ne7 42. Ke4 f5+ 43. exf6 gxf6 44. f5+ exf5+ 45. gxf5+
Kf7 46. Rh7+ Ke8 47. Rd4 Re2+ 48. Kf3 Re5 49. Kf4 Rxf5+ 50. Kg4 Rg5+ 51. Kh3 f5
52. Ra4 Rg8 53. Ra8+ Kd7 54. Rxe7+ Kxe7 55. Rxg8 Kf6 56. Rf8+ Ke5 57. Kg3 Ke4
58. Kf2 Kf4 59. Re8 Kg4 60. Rg8+ Kf4 61. Ra8 Kg4 62. Ra4+ f4 63. Rb4 Kf5 64. Kf3
Ke5 65. Rxf4 Kd5 66. Rh4 Ke5 67. Ra4 Kd5 68. Ke3 1-0